Indian power policy, Enron and the BoP (Record no. 31985)

000 -LEADER
fixed length control field 01019pab a2200169 454500
008 - FIXED-LENGTH DATA ELEMENTS--GENERAL INFORMATION
fixed length control field 180718b1996 xxu||||| |||| 00| 0 eng d
100 ## - MAIN ENTRY--PERSONAL NAME
Personal name Srinivasan, Kannan
245 ## - TITLE STATEMENT
Title Indian power policy, Enron and the BoP
260 ## - PUBLICATION, DISTRIBUTION, ETC.
Date of publication, distribution, etc. 1996
300 ## - PHYSICAL DESCRIPTION
Extent p.2207-214
362 ## - DATES OF PUBLICATION AND/OR SEQUENTIAL DESIGNATION
Dates of publication and/or sequential designation 17 Aug
520 ## - SUMMARY, ETC.
Summary, etc. "The Enron deal has given investors an unrealistic expectation of the returns they can receive under the government's power policy. Glimpses provided by documents of how the government decided on Enron show it to have been fully aware of the damage this decision would cause. The Amended Power Purchase Agreement negotiated by the committee appointed by the Shiv-Sena-BJP government is even worse for the interests of Maharashtra than the Congress original of 1994. The balance of payments consequences of fuel imports for naphtha and fuel oil-based power plants will be ruinous"
650 ## - SUBJECT ADDED ENTRY--TOPICAL TERM
Topical term or geographic name entry element Power industry - India - Maharashtra
650 ## - SUBJECT ADDED ENTRY--TOPICAL TERM
Topical term or geographic name entry element Energy Industries
773 ## - HOST ITEM ENTRY
Main entry heading Economic and Political Weekly
909 ## -
-- 31985
Holdings
Withdrawn status Lost status Damaged status Not for loan Permanent Location Current Location Date acquired Serial Enumeration / chronology Barcode Date last seen Price effective from Koha item type
        Indian Institute of Public Administration Indian Institute of Public Administration 2018-07-19 Volume no: 31, Issue no: 33 AR32171 2018-07-19 2018-07-19 Articles

Powered by Koha